| 000 | 00532nam a2200193Ia 4500 | ||
|---|---|---|---|
| 005 | 20260429112159.0 | ||
| 008 | 260429s9999||||xx |||||||||||||| ||und|| | ||
| 020 | _a9789389296433 | ||
| 041 | _aEnglish | ||
| 082 |
_a330 _bDHI |
||
| 100 | _aDhingra, Ishwar C. | ||
| 245 | 0 |
_aComprehensive business economics : _btheory and applications / _cIshwar C. Dhingra |
|
| 250 | _a1st ed. | ||
| 260 |
_aNew Delhi : _bManakin Press, _c2026. |
||
| 300 | _axvii, 1010 p.; pbk | ||
| 650 | _a Economics | ||
| 650 | _aBusiness | ||
| 942 | _cTB | ||
| 999 |
_c52757 _d52757 |
||